| 000 | 00956cam a2200241 i 4500 | ||
|---|---|---|---|
| 003 | SA-RiAUC | ||
| 005 | 20250125073525.0 | ||
| 008 | 250123q20002009su g 00010 ara c | ||
| 040 |
_aSA-JeALM _bara _cSA-RiAUC _erda |
||
| 082 | 0 | 4 | _a214.27 |
| 090 |
_a214.27 _bخ و ل |
||
| 100 | 1 |
_aالخولي، أمين، _d1895-1966 _eمؤلف. |
|
| 245 | 1 | 0 |
_aصلة الإسلام بإصلاح المسيحية / _cأمين الخولي ؛ تقديم محمد مصطفى المراغي. |
| 264 | 1 |
_aجدة، السعودية : _bسنا الفاروق للنشر، _c[بين 2000 و2009] |
|
| 300 |
_a128 صفحة ؛ _c18 سم |
||
| 336 |
_aنص _btxt _2rdacontent _3كتاب |
||
| 337 |
_aبدون وسيط _bn _2rdamedia |
||
| 338 |
_aمجلد _bnc _2rdacarrier |
||
| 650 | 7 |
_aالإسلام والمسيحية _2aucsh |
|
| 700 | 1 |
_aالمراغي، محمد مصطفى، _d1881-1945 _eمقدم. |
|
| 942 |
_2ddc _cBOOK _n0 |
||
| 949 |
_aSA-JeALM _d250123 _uosman123 _n1 |
||
| 999 |
_c5170 _d5170 |
||